Matthew The Monkey - Statistics

General Stats
  • This quiz has been taken 3 times
  • The average score is 8 of 15
Answer Stats
Hint Answer % Correct
S Australia
100%
S Madagascar
100%
S South Africa
100%
N USA
100%
N China
67%
N Haiti
67%
S Lesotho
67%
S Namibia
67%
N Belgium
33%
N Guatemala
33%
N Mongolia
33%
S Paraguay
33%
S Uruguay
33%
N Andorra
0%
N Bahamas
0%
No matching quizzes found
Score Distribution
Percent of People with Each Score
Percentile by Number Answered
Your Score History
You have not taken this quiz